Fluctuaciones económicas e historia social

Saved in:
Bibliographic Details
Main Author: Labrousse, Ernest (Author)
Format: Book
Language:Spanish
Published: Madrid Tecnos 1962
Series:Colección de Ciencias Sociales, 24
Subjects:
Tags: Add Tag
No Tags, Be the first to tag this record!

MARC

LEADER 00000nam a2200000 a 4500
001 UCP7631
003 CL-VaPUC
008 991217e19620000SP |||||||||||||||||spa|d
082 0 4 |a 330.0944  |b LAB  |2 21 
100 |a Labrousse, Ernest  |e author  |9 437119 
245 1 0 |a Fluctuaciones económicas e historia social 
300 |a 478 p 
942 |c BK 
945 |d 19991217 00:00:00  |a crobeson 
260 |a Madrid  |b Tecnos  |c 1962 
650 7 |a ECONOMIA FRANCESA  |2 CL-VaPUC  |9 437120 
650 7 |a HISTORIA ECONOMICA SIGLO 18  |2 CL-VaPUC  |9 325904 
650 0 |a Historia social  |9 313638 
650 0 |a Revolución francesa  |9 324244 
650 7 |a CRISIS ECONOMICA  |2 CL-VaPUC  |9 437121 
650 7 |a FLUCTUACIONES ECONOMICAS  |2 CL-VaPUC  |9 408970 
651 0 |a Francia  |9 255157 
583 |a last modification  |c 19991217 00:00:00  |k Rodrigo Vera 
490 0 |a Colección de Ciencias Sociales, 24 
999 |c 284749  |d 284747 
952 |0 0  |1 0  |4 0  |6 330_094400000000000_LAB_1962  |7 0  |8 A  |9 328964  |a BIBHIS  |b BIBHIS  |d 2019-11-20  |i 1373080  |o 330.0944 LAB 1962  |p 1373080  |r 2025-01-20  |w 2019-11-20  |y BK  |k HIS 
952 |0 0  |1 0  |4 0  |6 330_094400000000000_LAB_1962  |7 0  |8 A  |9 328965  |a BIBHIS  |b BIBHIS  |d 2019-11-20  |i 1373099  |o 330.0944 LAB 1962  |p 1373099  |r 2025-01-20  |w 2019-11-20  |y BK  |k HIS